<?xml version="1.0" encoding="UTF-8"?>
<record
    xmlns:xsi="http://www.w3.org/2001/XMLSchema-instance"
    xsi:schemaLocation="http://www.loc.gov/MARC21/slim http://www.loc.gov/standards/marcxml/schema/MARC21slim.xsd"
    xmlns="http://www.loc.gov/MARC21/slim">

  <leader>02616nam a22003017a 4500</leader>
  <controlfield tag="001">8877</controlfield>
  <controlfield tag="003">FISKH</controlfield>
  <controlfield tag="005">20251028123259.0</controlfield>
  <controlfield tag="008">251028b        cb ||||| |||| 00| 0 eng d</controlfield>
  <datafield tag="020" ind1=" " ind2=" ">
    <subfield code="a">9789996346439</subfield>
  </datafield>
  <datafield tag="040" ind1=" " ind2=" ">
    <subfield code="a">FISKH</subfield>
    <subfield code="b">khr</subfield>
    <subfield code="c">FISKH</subfield>
    <subfield code="d">FISKH</subfield>
  </datafield>
  <datafield tag="050" ind1=" " ind2=" ">
    <subfield code="a">PZ7</subfield>
  </datafield>
  <datafield tag="082" ind1=" " ind2=" ">
    <subfield code="a">895</subfield>
  </datafield>
  <datafield tag="100" ind1=" " ind2=" ">
    <subfield code="a">Chakriya, Vat</subfield>
  </datafield>
  <datafield tag="245" ind1=" " ind2=" ">
    <subfield code="a">&#x17AA;&#x1796;&#x17BB;&#x1780;&#x1780;&#x17D2;&#x1798;&#x17C1;&#x1780;&#x179A;&#x17BE;&#x179F;&#x1780;&#x17BC;&#x1793;&#x1794;&#x17D2;&#x179A;&#x179F;&#x17B6;&#x179A; :</subfield>
    <subfield code="b">The father selects his son-in-law / </subfield>
    <subfield code="c">&#x179A;&#x17C0;&#x1794;&#x179A;&#x17C0;&#x1784;&#x178A;&#x17C4;&#x1799; &#x17A2;&#x17D2;&#x1793;&#x1780;&#x1793;&#x17B6;&#x1784; &#x179C;&#x17C9;&#x17B6;&#x178F; &#x1785;&#x179A;&#x17B7;&#x1799;&#x17B6; , &#x1796;&#x17B7;&#x1793;&#x17B7;&#x178F;&#x17D2;&#x1799;&#x17A2;&#x1780;&#x17D2;&#x1781;&#x179A;&#x17B6;&#x179C;&#x17B7;&#x179A;&#x17BB;&#x1791;&#x17D2;&#x1792; &#x17A2;&#x17D2;&#x1793;&#x1780;&#x179F;&#x17D2;&#x179A;&#x17B8; &#x1782;&#x17B9;&#x1798;&#x179F;&#x17CA;&#x17BB;&#x1793; &#x179F;&#x17BB;&#x1792;&#x17B6;&#x179A;&#x17B8; , &#x1780;&#x1789;&#x17D2;&#x1789;&#x17B6; &#x179C;&#x17BB;&#x17B7;&#x1785; &#x179C;&#x178C;&#x17D2;&#x178D;&#x1793;&#x17B6; &#x1793;&#x17B7;&#x1784;&#x200B; &#x1780;&#x1789;&#x17D2;&#x1789;&#x17B6; &#x17A0;&#x1798; &#x179B;&#x17B9;&#x1798;&#x1786;&#x17C1;&#x1784; </subfield>
  </datafield>
  <datafield tag="260" ind1=" " ind2=" ">
    <subfield code="a">&#x1797;&#x17D2;&#x1793;&#x17C6;&#x1796;&#x17C1;&#x1789; :</subfield>
    <subfield code="b">Reading Books , </subfield>
    <subfield code="c">2015.</subfield>
  </datafield>
  <datafield tag="300" ind1=" " ind2=" ">
    <subfield code="a">28 pages : </subfield>
    <subfield code="b">color illustrations ;</subfield>
    <subfield code="c">25 cm . </subfield>
  </datafield>
  <datafield tag="505" ind1=" " ind2=" ">
    <subfield code="a">R 
</subfield>
  </datafield>
  <datafield tag="520" ind1=" " ind2=" ">
    <subfield code="a">&#x179A;&#x17BF;&#x1784;&#x1793;&#x17C1;&#x17C7;&#x1795;&#x17D2;&#x178F;&#x179B;&#x17CB;&#x178F;&#x1798;&#x17D2;&#x179B;&#x17C3;&#x17A2;&#x1794;&#x17CB;&#x179A;&#x17C6;&#x17A2;&#x17C4;&#x1799;&#x1798;&#x17B7;&#x178F;&#x17D2;&#x178F;&#x17A2;&#x17D2;&#x1793;&#x1780;&#x17A2;&#x17B6;&#x1793;&#x17A2;&#x17C4;&#x1799;&#x1792;&#x17D2;&#x179C;&#x17BE;&#x1787;&#x17B6;&#x1798;&#x1793;&#x17BB;&#x179F;&#x17D2;&#x179F;&#x179F;&#x17BB;&#x1785;&#x179A;&#x17B7;&#x178F;&#x1791;&#x17C0;&#x1784;&#x178F;&#x17D2;&#x179A;&#x1784;&#x17CB; &#x1794;&#x17D2;&#x179A;&#x1796;&#x17D2;&#x179A;&#x17B9;&#x17D2;&#x178F;&#x178F;&#x17D2;&#x178F;&#x17B7;&#x178F;&#x17C2;&#x17A2;&#x17C6;&#x1796;&#x17BE;&#x179B;&#x17D2;&#x17A2; &#x1793;&#x17B7;&#x1784;&#x1785;&#x17C1;&#x17C7;&#x1794;&#x17D2;&#x179A;&#x17BE;&#x1794;&#x17D2;&#x179A;&#x17B6;&#x179F;&#x17CB;&#x1794;&#x17D2;&#x179A;&#x1780;&#x1794;&#x178A;&#x17C4;&#x1799;&#x1797;&#x17B6;&#x1796;&#x179C;&#x17C3;&#x1786;&#x17D2;&#x179B;&#x17B6;&#x178F; &#x178A;&#x17BE;&#x1798;&#x17D2;&#x1794;&#x17B8;&#x178A;&#x17C4;&#x17C7;&#x179F;&#x17D2;&#x179A;&#x17B6;&#x1799;&#x1794;&#x1789;&#x17D2;&#x17A0;&#x17B6; &#x1793;&#x17B7;&#x1784;&#x1787;&#x17C6;&#x1793;&#x17C7;&#x179A;&#x17B6;&#x179B;&#x17CB;&#x17A7;&#x1794;&#x179F;&#x1782;&#x17D2;&#x1782;&#x178A;&#x17C2;&#x179B;&#x1780;&#x17BE;&#x178F;&#x17A1;&#x17BE;&#x1784;&#x1793;&#x17C5;&#x1785;&#x17C6;&#x1796;&#x17C4;&#x17C7;&#x1798;&#x17BB;&#x1781; &#x17D4; &#x1787;&#x17B6;&#x1784;&#x1793;&#x17C1;&#x17C7;&#x1791;&#x17C5;&#x1791;&#x17C0;&#x178F; &#x178F;&#x17D2;&#x179A;&#x17BC;&#x179C;&#x1785;&#x17C1;&#x17C7;&#x1799;&#x17C4;&#x1782;&#x1799;&#x179B;&#x17CB;&#x17A2;&#x1792;&#x17D2;&#x1799;&#x17B6;&#x179F;&#x17D2;&#x179A;&#x17D0;&#x1799;&#x1782;&#x17D2;&#x1793;&#x17B6; &#x1780;&#x17BB;&#x17C6;&#x1798;&#x17B6;&#x1793;&#x1782;&#x17C6;&#x1793;&#x17B7;&#x178F;&#x179A;&#x17BE;&#x179F;&#x17A2;&#x17BE;&#x1784; &#x1794;&#x17D2;&#x179A;&#x1780;&#x17B6;&#x1793;&#x17CB;&#x179C;&#x178E;&#x17D2;&#x178E;&#x17C7; &#x179A;&#x17BC;&#x1794;&#x179F;&#x1798;&#x17D2;&#x1794;&#x178F;&#x17D2;&#x178F;&#x17B7;&#x179B;&#x17D2;&#x17A2; &#x17A2;&#x17B6;&#x1780;&#x17D2;&#x179A;&#x1780;&#x17CB;&#x17A1;&#x17BE;&#x1799; &#x1796;&#x17D2;&#x179A;&#x17C4;&#x17C7;&#x178F;&#x17C2;&#x178F;&#x1798;&#x17D2;&#x179B;&#x17C3;&#x1798;&#x1793;&#x17BB;&#x179F;&#x17D2;&#x179F;&#x1798;&#x17B7;&#x1793;&#x179F;&#x17D2;&#x1790;&#x17B7;&#x178F;&#x1793;&#x17C5;&#x179B;&#x17BE;&#x179A;&#x17BC;&#x1794;&#x179F;&#x1798;&#x17D2;&#x1794;&#x178F;&#x17D2;&#x178F;&#x17B7;&#x1791;&#x17C1; &#x17D4;</subfield>
  </datafield>
  <datafield tag="520" ind1=" " ind2=" ">
    <subfield code="a">This story intends to educate the readers to belive in good faith, do good deeds, and smartly use their intelligenve to solve problem and to  overcome obstac;es they are facing . Morever, the writer wishes to advised the readers to be tolerant and avoid discrimination against the social classes and physical apprearance . The human value is not evaluated by appearance . </subfield>
  </datafield>
  <datafield tag="521" ind1="8" ind2=" ">
    <subfield code="a">660 
</subfield>
    <subfield code="b">Lexile estimate 
</subfield>
  </datafield>
  <datafield tag="521" ind1="8" ind2=" ">
    <subfield code="a">R 
</subfield>
    <subfield code="b">Raz-Plus 
</subfield>
  </datafield>
  <datafield tag="650" ind1=" " ind2=" ">
    <subfield code="a">&#x17AA;&#x1796;&#x17BB;&#x1780;&#x1780;&#x17D2;&#x1798;&#x17C1;&#x1780;&#x179A;&#x17BE;&#x179F;&#x1780;&#x17BC;&#x1793;&#x1794;&#x17D2;&#x179A;&#x179F;&#x17B6;&#x179A;</subfield>
    <subfield code="v">&#x179A;&#x17BF;&#x1784;&#x1793;&#x17B7;&#x1791;&#x17B6;&#x1793;&#x1780;&#x17BB;&#x1798;&#x17B6;&#x179A; </subfield>
  </datafield>
  <datafield tag="650" ind1=" " ind2=" ">
    <subfield code="a">The father selects his son-in-law</subfield>
    <subfield code="v">Children's Stories </subfield>
  </datafield>
  <datafield tag="700" ind1=" " ind2=" ">
    <subfield code="a">Chinith, Chou</subfield>
    <subfield code="e">Illustrator </subfield>
  </datafield>
  <datafield tag="942" ind1=" " ind2=" ">
    <subfield code="2">ddc</subfield>
    <subfield code="c">KHB</subfield>
    <subfield code="n">0</subfield>
  </datafield>
  <datafield tag="999" ind1=" " ind2=" ">
    <subfield code="c">8877</subfield>
    <subfield code="d">8877</subfield>
  </datafield>
  <datafield tag="952" ind1=" " ind2=" ">
    <subfield code="0">0</subfield>
    <subfield code="1">0</subfield>
    <subfield code="2">ddc</subfield>
    <subfield code="4">0</subfield>
    <subfield code="7">0</subfield>
    <subfield code="8">Khmer-English Bilingual </subfield>
    <subfield code="a">002</subfield>
    <subfield code="b">002</subfield>
    <subfield code="c">TTP Khmer</subfield>
    <subfield code="d">2025-10-28</subfield>
    <subfield code="l">0</subfield>
    <subfield code="o">CHA PZ7 895</subfield>
    <subfield code="p">FISBK03686</subfield>
    <subfield code="r">2025-10-28 12:32:55</subfield>
    <subfield code="w">2025-10-28</subfield>
    <subfield code="y">KHB</subfield>
  </datafield>
</record>
